El magnetismo terrestre /
La naturaleza está a nuestro alcance. Hacemos uso de sus recursos, disfrutamos sus paisajes, habitamos sus ambientes. Podemos enriquecer esa experiencia al comprender sus fenómenos, sus leyes y sus enigmas. Una propuesta con la teoría y la práctica justa para aprender y apreciar cada día mejor las f...
Guardado en:
| Autor Principal: | |
|---|---|
| Autor Corporativo: | |
| Formato: | |
| Publicado: |
Argentina,
2009
|
| Series: | Horizontes. Ciencias Naturales
|
| Materias: | |
| Acceso en línea: | https://www.educ.ar/recursos/106453/el-magnetismo-terrestre |
| Etiquetas: |
Agregar Etiqueta
Sin Etiquetas, Sea el primero en etiquetar este registro!
|
| LEADER | 01566ngm a22003375g 4500 | ||
|---|---|---|---|
| 001 | CEM.cems023948 | ||
| 008 | 130507s2009##################0###0#####d | ||
| 005 | 20250717172944.0 | ||
| 245 | 1 | 0 | |a El magnetismo terrestre / |c Diego Blejman. |
| 260 | |a Argentina, |c 2009 | ||
| 300 | |a 26'. | ||
| 490 | 0 | |a Horizontes. Ciencias Naturales | |
| 538 | |a Soporte: DVD - Grabación DRD | ||
| 520 | |a La naturaleza está a nuestro alcance. Hacemos uso de sus recursos, disfrutamos sus paisajes, habitamos sus ambientes. Podemos enriquecer esa experiencia al comprender sus fenómenos, sus leyes y sus enigmas. Una propuesta con la teoría y la práctica justa para aprender y apreciar cada día mejor las fuentes de energía, los ecosistemas, el cuerpo humano, los fósiles, los microorganismos, el sistema solar, la Luna, los cambios climáticos, los instrumentos que utilizan los científicos para acercarse al conocimiento y todos los temas que interesan a las Ciencias Naturales.¦650 | ||
| 500 | |a Consultar en ventanilla. | ||
| 100 | 1 | |a Blejman, Diego | |
| 710 | 2 | |a Canal Encuentro. | |
| 082 | 5 | 0 | |/ BLE-3 |
| 653 | |a CIENCIAS | ||
| 653 | |a CIENCIAS NATURALES | ||
| 653 | |a HORIZONTES | ||
| 653 | |a MAGNETISMO | ||
| 653 | |a MAGNETISMO TERRESTRE | ||
| 653 | |a GRAVEDAD | ||
| 653 | |a LEY DE GRAVEDAD | ||
| 653 | |a FISICA | ||
| 653 | |a ASTRONOMIA | ||
| 653 | |a PLANETA TIERRA | ||
| 653 | |a SERIE DE TELEVISIÓN | ||
| 856 | |u https://www.educ.ar/recursos/106453/el-magnetismo-terrestre | ||
| 859 | |a CEMS |b BIB. CEMS - Depto. Recursos Didacticos |h 500 |i BLE-3 |k DRD |p 2591.15 |t Ej.1 | ||
